Movies Quiz

Random Movies or Actor Quiz
Score 0/27 Timer 09:00
1 Play Today
% Correct
Field of Dreams
89%
Charlie's Angels
86.4%
Scream
85%
Raiders of the Lost Ark
80.2%
DodgeBall: A True Underdog Story
78.9%
The Devil Wears Prada
78.8%
The Fugitive
77.1%
Waterworld
77%
The Blind Side
76.5%
Wall Street
74.5%
Million Dollar Baby
74.4%
Schindler's List
69.4%
There's Something About Mary
66.9%
The Untouchables
66.6%
% Correct
Tropic Thunder
66.4%
Blade Runner
64.3%
Donnie Darko
64.3%
The English Patient
64.1%
Speed
64%
The Proposal
61.3%
Dirty Harry
57.4%
Basic Instinct
49.9%
Escape from Alcatraz
41.3%
Doubt
40.2%
Falling Down
39.9%
Skyfall
33.6%
Adaptation.
28.7%

You're not logged in!

Compare scores with friends on all Sporcle quizzes.
OR
Log In

Sporcle TV

Today on Sporcle TV


Watch our educational content, quiz creation guides, and fun videos on Sporcle TV.

Show Comments

Extras

Top Quizzes Today


Score Distribution

Paid Content

Your Account Isn't Verified!

In order to create a playlist on Sporcle, you need to verify the email address you used during registration. Go to your Sporcle Settings to finish the process.

Report this User

Report this user for behavior that violates our Community Guidelines.

Details: